[Event "USV TU Dresden-TuS Makkabi Berlin"]
[Site "?"]
[Date "2009.12.27"]
[Round "2.1"]
[White "Lerch, Philipp"]
[Black "Scholz, Robert"]
[Result "1-0"]
[WhiteElo "1903"]
[BlackElo "1561"]
[PlyCount "71"]
[EventDate "2009.??.??"]
[WhiteTeam "TuS Makkabi Berlin"]
[BlackTeam "USV TU Dresden"]

1. e4 e5 2. Nf3 Nc6 3. d4 exd4 4. Bc4 Bc5 5. c3 Nf6 6. e5 Ng8 7. cxd4 Bb4+ 8.
Bd2 Bxd2+ 9. Nbxd2 d5 10. exd6 Qxd6 11. O-O Nf6 12. Re1+ Ne7 13. Qe2 Bf5 14.
Bb3 c6 15. Nc4 Qc7 16. Qe5 Qxe5 17. dxe5 Nfd5 18. Nd6+ Kf8 19. Nxb7 g6 20. Nd4
Bd7 21. Nc5 Ke8 22. e6 fxe6 23. Ndxe6 Bxe6 24. Rxe6 Rd8 25. Bxd5 cxd5 26. Rae1
Kf8 27. Rxe7 d4 28. Rxa7 Rc8 29. Ne6+ Ke8 30. Nxd4+ Kf8 31. h3 h5 32. b4 Kg8
33. Ree7 Rh6 34. b5 Rb8 35. b6 Kh8 36. b7 1-0

[Event "USV TU Dresden-TuS Makkabi Berlin"]
[Site "?"]
[Date "2009.12.27"]
[Round "2.2"]
[White "Thamm, Merlin Jannes"]
[Black "Sawlin, Leonid"]
[Result "0-1"]
[WhiteElo "1546"]
[BlackElo "1785"]
[PlyCount "150"]
[EventDate "2009.??.??"]
[WhiteTeam "USV TU Dresden"]
[BlackTeam "TuS Makkabi Berlin"]

1. e4 e6 2. d4 d5 3. exd5 exd5 4. Bd3 Nc6 5. c3 Bd6 6. Nf3 Nge7 7. O-O Bg4 8.
Be3 Qd7 9. Nbd2 O-O-O 10. b4 Rde8 11. b5 Nd8 12. a4 h6 13. a5 f5 14. Nb3 f4 15.
Bd2 g5 16. Nc5 Bxc5 17. dxc5 Ne6 18. b6 a6 19. bxc7 Nxc5 20. Be2 Nc6 21. Bc1
Ne4 22. Bb2 Rhg8 23. Qb3 Bxf3 24. Bxf3 Nd2 25. Qxd5 Nxf1 26. Qxd7+ Kxd7 27.
Kxf1 Kxc7 28. Bd5 Rg7 29. c4 Rd7 30. Bc3 h5 31. Bf6 g4 32. Bg5 Rf8 33. Bh6 Rf6
34. Bg5 Rf5 35. Bh6 Re7 36. g3 f3 37. Bf4+ Kc8 38. Bd6 Re8 39. Ra2 Rf6 40. Bc5
Ne5 41. Be3 Rd6 42. Ra1 Nd3 43. Rb1 Rd7 44. Rb6 Ne5 45. Rb1 Red8 46. Be6 Nxc4
47. Rc1 Kb8 48. Bxd7 Rxd7 49. Bb6 Rd5 50. Ra1 Rb5 51. Bd8 Rd5 52. Bb6 Nxb6 53.
axb6 Rb5 54. Ke1 Rxb6 55. Ra2 Rb1+ 56. Kd2 Rh1 57. Ke3 Rxh2 58. Ra1 h4 59. gxh4
Rxh4 60. Kf4 Rh2 61. Kxg4 Rxf2 62. Kg3 Rc2 63. Kxf3 Ka7 64. Ke3 b5 65. Kd3 Rc8
66. Rh1 Kb6 67. Rh6+ Rc6 68. Rh8 b4 69. Rh5 a5 70. Kd4 a4 71. Rh8 a3 72. Rg8 a2
73. Rb8+ Ka7 74. Rxb4 a1=Q+ 75. Kd5 Qa5+ 0-1

[Event "USV TU Dresden-TuS Makkabi Berlin"]
[Site "?"]
[Date "2009.12.27"]
[Round "2.3"]
[White "Lagunow, Raphael"]
[Black "Heidelberger, Colin"]
[Result "1/2-1/2"]
[WhiteElo "1646"]
[BlackElo "1508"]
[PlyCount "90"]
[EventDate "2009.??.??"]
[WhiteTeam "TuS Makkabi Berlin"]
[BlackTeam "USV TU Dresden"]

1. e4 e6 2. d4 d5 3. Nd2 Nf6 4. e5 Nfd7 5. Bd3 c5 6. c3 Nc6 7. Ne2 cxd4 8. cxd4
f6 9. exf6 Nxf6 10. Nf3 Qc7 11. O-O Bd6 12. a3 O-O 13. Bd2 Bd7 14. Rc1 Rae8 15.
Nc3 a6 16. b4 Qb8 17. b5 axb5 18. Nxb5 Bf4 19. Bxf4 Qxf4 20. Nc3 Qd6 21. Nb5
Qf4 22. Qd2 Qxd2 23. Nxd2 Ra8 24. Nb3 b6 25. Ra1 Ra4 26. Nc3 Raa8 27. Rfe1 Ne8
28. Bb5 Nc7 29. Bxc6 Bxc6 30. a4 Rf6 31. a5 bxa5 32. Rxa5 Rxa5 33. Nxa5 Nb5 34.
Nxc6 Nxc3 35. Nd8 Ne4 36. f3 Ng5 37. h4 Nf7 38. Nxe6 Nd6 39. Nc7 Rf4 40. Rd1
Rxh4 41. Nxd5 Rh5 42. Nf4 Rf5 43. Nd3 Nb5 44. Ne5 Nxd4 45. Rxd4 Rxe5 1/2-1/2

[Event "USV TU Dresden-TuS Makkabi Berlin"]
[Site "?"]
[Date "2009.12.27"]
[Round "2.4"]
[White "Gungl, Theo"]
[Black "Lagunow, Elina"]
[Result "0-1"]
[WhiteElo "1477"]
[BlackElo "1607"]
[PlyCount "52"]
[EventDate "2009.??.??"]
[WhiteTeam "USV TU Dresden"]
[BlackTeam "TuS Makkabi Berlin"]

1. d4 Nf6 2. c4 g6 3. Nc3 Bg7 4. e4 d6 5. f3 O-O 6. Be3 Nc6 7. Bd3 Nd7 8. Nge2
e5 9. d5 Nd4 10. Bxd4 exd4 11. Nb5 a6 12. Nbxd4 Qg5 13. Kf2 Ne5 14. h4 Qf6 15.
Kg1 c5 16. dxc6 bxc6 17. Rb1 Be6 18. b3 d5 19. Nxc6 dxc4 20. Nxe5 Qxe5 21. Bxc4
Qc5+ 22. Kh2 Bxc4 23. bxc4 Qxc4 24. Nc1 Rfd8 25. Qb3 Qc7+ 26. Kg1 Rab8 0-1

[Event "Hamburger SK-SK Wildeshausen"]
[Site "?"]
[Date "2009.12.27"]
[Round "2.1"]
[White "Grigorian, Spartak"]
[Black "Gröning, Finn Jonathan"]
[Result "1/2-1/2"]
[WhiteElo "1745"]
[BlackElo "1731"]
[PlyCount "89"]
[EventDate "2009.??.??"]
[WhiteTeam "SK Wildeshausen"]
[BlackTeam "Hamburger SK"]

1. Nf3 c6 2. c4 d5 3. e3 dxc4 4. Bxc4 Bf5 5. Qb3 e6 6. Qxb7 Nd7 7. O-O Be4 8.
Nd4 Nc5 9. Qb4 Rb8 10. Qa3 Nb3 11. Qxb3 Rxb3 12. axb3 Bc5 13. Nc3 Bxd4 14. exd4
Nf6 15. d3 Bg6 16. Bg5 h6 17. Bxf6 gxf6 18. Rxa7 O-O 19. Ra6 Qxd4 20. Rxc6 Rb8
21. Ra1 Kh7 22. Rc7 Qf4 23. Rd7 Ra8 24. Rd1 Kh8 25. b4 Bh5 26. Rb1 Rg8 27. Ne4
Bf3 28. Ng3 Bc6 29. Rxf7 h5 30. Bxe6 h4 31. Bf5 Rg5 32. Rxf6 Qe5 33. Rxc6 Qxf5
34. Rd1 Qb5 35. Rc4 Kg7 36. b3 Kf6 37. Ra1 Qd7 38. Ra6+ Kg7 39. d4 Qg4 40. Ra1
Rd5 41. Ra7+ Kf8 42. Ra8+ Ke7 43. Ra7+ Kf8 44. f3 Qe6 45. Kf2 1/2-1/2

[Event "Hamburger SK-SK Wildeshausen"]
[Site "?"]
[Date "2009.12.27"]
[Round "2.2"]
[White "Sander, Jean Louis"]
[Black "Duchow, Julien"]
[Result "1-0"]
[WhiteElo "1652"]
[BlackElo "1515"]
[PlyCount "51"]
[EventDate "2009.??.??"]
[WhiteTeam "Hamburger SK"]
[BlackTeam "SK Wildeshausen"]

1. e4 c5 2. Nf3 Nc6 3. d4 cxd4 4. Nxd4 g6 5. Nc3 Bg7 6. Be3 Nf6 7. Nxc6 bxc6 8.
e5 Ng8 9. f4 d5 10. Be2 Bf5 11. O-O e6 12. Bf3 f6 13. g4 Be4 14. Bxe4 dxe4 15.
Nxe4 f5 16. Nd6+ Kf8 17. Bc5 Ne7 18. gxf5 gxf5 19. Qh5 Qe8 20. Nxe8 Rxe8 21.
Rad1 Rg8 22. Kh1 h6 23. Rd7 a5 24. Bxe7+ Rxe7 25. Rd8+ Re8 26. Rxe8# 1-0

[Event "Hamburger SK-SK Wildeshausen"]
[Site "?"]
[Date "2009.12.27"]
[Round "2.3"]
[White "Finke, Maurice"]
[Black "Kramer, Julian"]
[Result "1/2-1/2"]
[WhiteElo "1411"]
[BlackElo "1409"]
[PlyCount "59"]
[EventDate "2009.??.??"]
[WhiteTeam "SK Wildeshausen"]
[BlackTeam "Hamburger SK"]

1. d4 Nf6 2. c4 g6 3. Nf3 Bg7 4. Nc3 d6 5. h3 O-O 6. e4 e5 7. g3 Nc6 8. d5 Ne7
9. Bg2 a5 10. O-O Nd7 11. Bd2 Nc5 12. Qc2 f5 13. Be3 Nxe4 14. Nxe4 fxe4 15. Nd2
Nf5 16. Nxe4 Nxe3 17. fxe3 Bf5 18. Qd2 b6 19. Nc3 Bh6 20. Qe2 Qg5 21. e4 Qe3+
22. Qxe3 Bxe3+ 23. Kh2 Bd7 24. h4 Bd4 25. Bh3 Bxc3 26. bxc3 Bxh3 27. Kxh3 Kg7
28. Kg4 h6 29. a4 Rab8 30. Rab1 1/2-1/2

[Event "Hamburger SK-SK Wildeshausen"]
[Site "?"]
[Date "2009.12.27"]
[Round "2.4"]
[White "Baberz, Alexander"]
[Black "Stukenborg, Rudi"]
[Result "1-0"]
[WhiteElo "1404"]
[BlackElo "1308"]
[PlyCount "87"]
[EventDate "2009.??.??"]
[WhiteTeam "Hamburger SK"]
[BlackTeam "SK Wildeshausen"]

1. d4 Nf6 2. c4 e6 3. Nc3 Bb4 4. e3 b6 5. Be2 Bb7 6. Bf3 Bxf3 7. Nxf3 Nc6 8.
O-O Bxc3 9. bxc3 O-O 10. Ba3 Re8 11. Re1 Ne4 12. Qc2 d5 13. Nd2 Nxd2 14. Qxd2
e5 15. cxd5 Qxd5 16. e4 Qd7 17. d5 Na5 18. Qd3 c6 19. Rad1 Rad8 20. Re3 c5 21.
Rg3 Nb7 22. Bc1 Kh8 23. Qf3 Qe7 24. Qh5 Rd6 25. Rh3 h6 26. Rdd3 Qf6 27. Rdf3
Qg6 28. Rxf7 Qxe4 29. Re3 Qxd5 30. Re1 Kg8 31. Rxb7 g6 32. Qf3 e4 33. Qg3 Red8
34. Re7 Qd1 35. R7xe4 Qxc1 36. Rxc1 Rd1+ 37. Re1 Rxc1 38. Rxc1 g5 39. Re1 Rd2
40. h3 Kf7 41. Qc7+ Kf6 42. Qe7+ Kf5 43. Re5+ Kf4 44. Qf6# 1-0

[Event "SK 1926 Ettlingen-TuS Makkabi Frankfurt"]
[Site "?"]
[Date "2009.12.27"]
[Round "2.1"]
[White "Baskin, Robert"]
[Black "Volz, Alexander"]
[Result "0-1"]
[WhiteElo "1775"]
[BlackElo "1768"]
[PlyCount "138"]
[EventDate "2009.??.??"]
[WhiteTeam "TuS Makkabi Frankfurt a. M."]
[BlackTeam "SK 1926 Ettlingen"]

1. e4 e5 2. Nf3 Nc6 3. Bb5 a6 4. Ba4 Nf6 5. d3 b5 6. Bb3 Be7 7. O-O O-O 8. Re1
d6 9. c3 Na5 10. Bc2 c5 11. d4 Qc7 12. h3 Bd7 13. d5 c4 14. Nbd2 Nb7 15. Nf1
Nc5 16. Ng3 a5 17. Qe2 Rab8 18. Bd2 h6 19. Be3 Rfc8 20. Rad1 Na6 21. Nh2 b4 22.
Rb1 a4 23. f4 Qb7 24. f5 Qb5 25. Ng4 b3 26. axb3 axb3 27. Bd1 Nc5 28. Nxf6+
Bxf6 29. Qg4 Kf8 30. Nh5 Nd3 31. Rf1 Qa5 32. Nxf6 gxf6 33. Bxh6+ Ke7 34. Be3
Nxb2 35. Rxb2 Qxc3 36. Qe2 Qa5 37. Qe1 Qxe1 38. Rxe1 Ba4 39. Bd2 c3 40. Bxc3
Rxc3 41. Ree2 Rd3 42. Re1 Rc8 43. Kh2 Rc1 44. Be2 Rxe1 45. Bxd3 Re3 46. Bb1 Rc3
47. Re2 Kd7 48. h4 Kc7 49. h5 Kb6 50. h6 Ka5 51. h7 Rc8 52. Re3 Kb4 53. Rh3 Rh8
54. Kg3 Ka3 55. Kh4 Rxh7+ 56. Kg4 Rxh3 57. gxh3 Bb5 58. h4 Kb2 59. Kf3 Kxb1 60.
h5 b2 61. h6 Kc2 62. h7 b1=Q 63. h8=Q Qf1+ 64. Kg3 Qf4+ 65. Kg2 Qxe4+ 66. Kh2
Qf4+ 67. Kg2 Qg4+ 68. Kh1 Bf1 69. Qh2+ Qg2+ 0-1

[Event "SK 1926 Ettlingen-TuS Makkabi Frankfurt"]
[Site "?"]
[Date "2009.12.27"]
[Round "2.2"]
[White "Imgrunt, Philipp"]
[Black "Mager, Denis"]
[Result "0-1"]
[WhiteElo "1548"]
[BlackElo "1648"]
[PlyCount "78"]
[EventDate "2009.??.??"]
[WhiteTeam "SK 1926 Ettlingen"]
[BlackTeam "TuS Makkabi Frankfurt a. M."]

1. e4 e6 2. d4 d5 3. exd5 exd5 4. Nc3 Nf6 5. Nf3 Bb4 6. Bd2 Bf5 7. Be2 O-O 8.
a3 Ba5 9. b4 Bb6 10. Bg5 c6 11. O-O Nbd7 12. Bd3 Bxd3 13. Qxd3 h6 14. Bh4 Re8
15. Rfe1 Bc7 16. Rxe8+ Qxe8 17. Re1 Qf8 18. Ne5 Nxe5 19. dxe5 Nd7 20. Qe3 Nxe5
21. Qg3 Qd6 22. Rd1 Ng6 23. Ne4 Qxg3 24. Bxg3 Bxg3 25. Nxg3 Re8 26. Kf1 Nf4 27.
Nf5 Re6 28. Nd4 Re5 29. g3 Ne6 30. f4 Re3 31. Nb3 Rc3 32. Rd2 Nc7 33. a4 Na6
34. b5 Nb4 35. Na5 b6 36. Nb3 c5 37. Ke2 Rxc2 38. Rxc2 Nxc2 39. Kd3 Nb4+ 0-1

[Event "SK 1926 Ettlingen-TuS Makkabi Frankfurt"]
[Site "?"]
[Date "2009.12.27"]
[Round "2.3"]
[White "Greif, Gavin"]
[Black "Reiß, Michael"]
[Result "0-1"]
[WhiteElo "1346"]
[BlackElo "1563"]
[PlyCount "30"]
[EventDate "2009.??.??"]
[WhiteTeam "TuS Makkabi Frankfurt a. M."]
[BlackTeam "SK 1926 Ettlingen"]

1. e4 d5 2. exd5 Qxd5 3. Nc3 Qa5 4. d4 Nf6 5. Nf3 Nc6 6. Bd2 Bg4 7. Be3 O-O-O
8. Be2 e5 9. d5 Rxd5 10. Bd2 Rd8 11. Ng5 Bxe2 12. Qxe2 Nd4 13. Qd3 Rd7 14. Nb5
Qxb5 15. c4 Qc6 0-1

[Event "SK 1926 Ettlingen-TuS Makkabi Frankfurt"]
[Site "?"]
[Date "2009.12.27"]
[Round "2.4"]
[White "Jülg, Julian"]
[Black "Paulsen, Alexej"]
[Result "0-1"]
[WhiteElo "1065"]
[BlackElo "1411"]
[PlyCount "110"]
[EventDate "2009.??.??"]
[WhiteTeam "SK 1926 Ettlingen"]
[BlackTeam "TuS Makkabi Frankfurt a. M."]

1. e4 c5 2. Nf3 Nc6 3. Nc3 d6 4. d3 g6 5. Be2 Bg7 6. O-O Nf6 7. Bg5 O-O 8. Qd2
Bd7 9. Bh6 Rc8 10. Bxg7 Kxg7 11. Rad1 a6 12. Rfe1 b5 13. a3 Rb8 14. Nd5 e6 15.
Nxf6 Qxf6 16. Rb1 Rb7 17. c3 Rfb8 18. d4 cxd4 19. cxd4 Rb6 20. e5 Qe7 21. Qf4
d5 22. Rbc1 Na5 23. Rc7 R8b7 24. Rec1 Nc4 25. Rxb7 Rxb7 26. Rc2 Rb6 27. Nd2 Rc6
28. Nxc4 bxc4 29. Qf3 Rb6 30. Bd1 Ba4 31. Rd2 Bxd1 32. Qxd1 Rb3 33. Rc2 Qb7 34.
Qc1 c3 35. Rxc3 Rxb2 36. Qf4 Rb1+ 37. Rc1 Rxc1+ 38. Qxc1 Qb8 39. Qd1 Qb2 40. g3
Qxa3 41. Qd2 a5 42. Kf1 a4 43. Ke1 Qa1+ 44. Qd1 Qc3+ 45. Qd2 Qf3 46. Qa2 a3 47.
h4 Qc3+ 48. Kd1 Qxd4+ 49. Kc1 Qc3+ 50. Kd1 d4 51. g4 d3 52. f4 d2 53. Qb1 a2
54. Qxa2 Qc1+ 55. Ke2 d1=Q+ 0-1

[Event "SF Brackel-TuS Coswig"]
[Site "?"]
[Date "2009.12.27"]
[Round "2.1"]
[White "Kieslich, Aaron"]
[Black "Hümmecke, Aaron"]
[Result "1-0"]
[WhiteElo "1700"]
[BlackElo "1614"]
[PlyCount "67"]
[EventDate "2009.??.??"]
[WhiteTeam "TuS Coswig"]
[BlackTeam "SF Brackel"]

1. e4 e5 2. Nf3 Nc6 3. d4 exd4 4. Nxd4 Nf6 5. Nxc6 bxc6 6. Bd3 d5 7. exd5 cxd5
8. O-O Bd6 9. Re1+ Be6 10. Bb5+ Ke7 11. Bg5 h6 12. Bxf6+ gxf6 13. Nc3 d4 14.
Ne4 Be5 15. Qd3 Qd5 16. Qa3+ Kd8 17. Qc5 Qxc5 18. Nxc5 Rb8 19. a4 Rb6 20. Rab1
c6 21. Bf1 Ba2 22. Ra1 Bd5 23. Nd3 Re8 24. b3 Kd7 25. g3 Rbb8 26. Bh3+ Kd6 27.
f4 Bxf4 28. Nxf4 Be6 29. Kf2 c5 30. Rad1 Rb4 31. Rd2 Rb6 32. Rde2 Kd7 33. Bxe6+
fxe6 34. Nd5 1-0

[Event "SF Brackel-TuS Coswig"]
[Site "?"]
[Date "2009.12.27"]
[Round "2.2"]
[White "Birnkraut, Tim"]
[Black "Linnemann, Niklas"]
[Result "1/2-1/2"]
[WhiteElo "1673"]
[BlackElo "1577"]
[PlyCount "77"]
[EventDate "2009.??.??"]
[WhiteTeam "SF Brackel"]
[BlackTeam "TuS Coswig"]

1. e4 c5 2. c4 Nc6 3. Ne2 Nf6 4. Nbc3 e6 5. d4 cxd4 6. Nxd4 Qc7 7. Be2 a6 8.
Be3 Be7 9. O-O O-O 10. Rc1 b6 11. Qd2 Bb7 12. f3 Bd6 13. h3 Nh5 14. f4 Nxf4 15.
Bxf4 Bxf4 16. Rxf4 Nxd4 17. Rff1 Nxe2+ 18. Qxe2 Qe5 19. Rcd1 Rad8 20. Rd2 Qc5+
21. Kh1 d6 22. Qd3 Rd7 23. Qd4 Qxd4 24. Rxd4 Bc6 25. Rfd1 Rfd8 26. b4 b5 27.
cxb5 axb5 28. a4 bxa4 29. b5 Bb7 30. Nxa4 d5 31. Nc5 Rc7 32. Nxb7 Rxb7 33. exd5
Rxb5 34. dxe6 Rxd4 35. exf7+ Kxf7 36. Rxd4 Kf6 37. Kh2 h6 38. Kg3 Kg6 39. Ra4
1/2-1/2

[Event "SF Brackel-TuS Coswig"]
[Site "?"]
[Date "2009.12.27"]
[Round "2.4"]
[White "Trümper, Michael"]
[Black "Zschuppe, Ludwig"]
[Result "1-0"]
[WhiteElo "1395"]
[BlackElo "1118"]
[PlyCount "87"]
[EventDate "2009.??.??"]
[WhiteTeam "SF Brackel"]
[BlackTeam "TuS Coswig"]

1. d4 d5 2. c4 dxc4 3. e4 Nc6 4. Nf3 Bg4 5. Be3 e6 6. Bxc4 Nf6 7. Nc3 Bxf3 8.
gxf3 Bb4 9. d5 exd5 10. exd5 Ne7 11. Qa4+ c6 12. Qxb4 Nfxd5 13. Nxd5 cxd5 14.
Bb5+ Nc6 15. O-O-O {[%emt 0:00:00]} a6 16. Bxc6+ bxc6 17. Rde1 Kd7 18. Qb7+ Qc7
19. Qxc7+ Kxc7 20. Bc5 Rhe8 21. Re3 Re6 22. Rxe6 fxe6 23. Re1 Kd7 24. Rg1 g6
25. Rg3 e5 26. Kd2 Ke6 27. Rg1 Kf5 28. Re1 Re8 29. b4 Kf4 30. Bd4 Re7 31. Ba1
Re8 32. Re3 Kf5 33. Rc3 Rc8 34. Rc5 e4 35. Ke3 exf3 36. Kxf3 Ke6 37. a4 Kd7 38.
Ra5 Ra8 39. b5 cxb5 40. axb5 Kc7 41. bxa6 Kb6 42. Rxd5 Rxa6 43. Rd6+ Kb5 44.
Rxa6 1-0

[Event "SC Vaterstetten-BSG Chemie Leipzig"]
[Site "?"]
[Date "2009.12.27"]
[Round "2.1"]
[White "Schmücker, Felix"]
[Black "Xiong, Ferdinand"]
[Result "1-0"]
[WhiteElo "1745"]
[BlackElo "1806"]
[PlyCount "47"]
[EventDate "2009.??.??"]
[WhiteTeam "BSG Chemie Leipzig"]
[BlackTeam "SC Vaterstetten"]

1. e4 c5 2. Nc3 g6 3. g3 Bg7 4. Bg2 Nc6 5. d3 e6 6. f4 Nge7 7. Be3 d6 8. Nf3
O-O 9. O-O Rb8 10. e5 Nf5 11. Bf2 Nfd4 12. Ne4 dxe5 13. Nxe5 Nxe5 14. fxe5 Bxe5
15. c3 Nc6 16. Bxc5 Re8 17. d4 f5 18. dxe5 fxe4 19. Bd6 Qb6+ 20. Kh1 Ra8 21.
Bxe4 Qxb2 22. Qf3 Nd8 23. Qf6 Bd7 24. Bf8 1-0

[Event "SC Vaterstetten-BSG Chemie Leipzig"]
[Site "?"]
[Date "2009.12.27"]
[Round "2.2"]
[White "Castell, Patrick"]
[Black "Richter, Leonard"]
[Result "1/2-1/2"]
[WhiteElo "1374"]
[BlackElo "1650"]
[PlyCount "45"]
[EventDate "2009.??.??"]
[WhiteTeam "SC Vaterstetten"]
[BlackTeam "BSG Chemie Leipzig"]

1. e4 c6 2. d4 d5 3. Nc3 dxe4 4. Nxe4 Nd7 5. Ne2 Ngf6 6. N2c3 g6 7. g3 Bg7 8.
Bg2 O-O 9. O-O Nb6 10. Be3 Nfd5 11. Nxd5 Nxd5 12. c4 Nb6 13. Rc1 Bf5 14. b3
Bxe4 15. Bxe4 e6 16. Qd2 Qd7 17. Rfd1 Rad8 18. Bh6 Qe7 19. Bxg7 Kxg7 20. Qb2
Qf6 21. Qa1 Rd7 22. Rd2 Rfd8 23. Rcd1 1/2-1/2

[Event "SC Vaterstetten-BSG Chemie Leipzig"]
[Site "?"]
[Date "2009.12.27"]
[Round "2.3"]
[White "Paschold, Gerry"]
[Black "Schackmann, Oliver"]
[Result "1-0"]
[WhiteElo "1358"]
[BlackElo "1138"]
[PlyCount "61"]
[EventDate "2009.??.??"]
[WhiteTeam "BSG Chemie Leipzig"]
[BlackTeam "SC Vaterstetten"]

1. e4 c5 2. Nc3 g6 3. g3 Bg7 4. Bg2 Nc6 5. d3 d6 6. f4 Bd7 7. Nf3 Nf6 8. O-O
O-O 9. Be3 Ng4 10. Bd2 Nd4 11. h3 Nxf3+ 12. Qxf3 Nf6 13. g4 Qc8 14. Rab1 a5 15.
Ne2 e5 16. f5 b6 17. Qg3 Ne8 18. Qh4 Qd8 19. Bg5 Bf6 20. Bxf6 Qxf6 21. g5 Qe7
22. f6 Qd8 23. Nc3 Bc6 24. Nd5 Bxd5 25. exd5 Qd7 26. Bf3 b5 27. Rbe1 Qa7 28. c4
b4 29. Bd1 Qd7 30. Qh6 Ra7 31. Rf4 1-0

[Event "SC Vaterstetten-BSG Chemie Leipzig"]
[Site "?"]
[Date "2009.12.27"]
[Round "2.4"]
[White "Hilger, Sebastian"]
[Black "Angrick, Philipp"]
[Result "1/2-1/2"]
[WhiteElo "1022"]
[BlackElo "1363"]
[PlyCount "63"]
[EventDate "2009.??.??"]
[WhiteTeam "SC Vaterstetten"]
[BlackTeam "BSG Chemie Leipzig"]

1. e4 e5 2. Nf3 Nc6 3. Bc4 Nf6 4. d3 Bc5 5. Nc3 d6 6. Bg5 Be6 7. Qd2 Bxc4 8.
dxc4 Nd4 9. Nxd4 Bxd4 10. Nd5 c6 11. Bxf6 gxf6 12. Nc3 Qa5 13. O-O Rg8 14. Kh1
Qb4 15. Rab1 Qxc4 16. f3 Rg6 17. Ne2 O-O-O 18. Nxd4 Qxd4 19. Qxd4 exd4 20. Rbd1
c5 21. c3 dxc3 22. bxc3 Kc7 23. c4 Ra8 24. Rf2 a6 25. Rd5 b5 26. cxb5 axb5 27.
Rdd2 Kc6 28. g3 h5 29. Rd1 b4 30. Re2 Rd8 31. f4 Rgg8 32. Rd5 1/2-1/2

[Event "SV Motor Eberswalde-SV Ahlen 54"]
[Site "?"]
[Date "2009.12.27"]
[Round "2.1"]
[White "Huckebrink, Chris"]
[Black "Wenzke, Tim"]
[Result "1-0"]
[WhiteElo "1711"]
[BlackElo "1506"]
[PlyCount "43"]
[EventDate "2009.??.??"]
[WhiteTeam "SV Ahlen 54"]
[BlackTeam "SV Motor Eberswalde"]

1. d4 d5 2. Nf3 e6 3. e3 c5 4. c3 Bd7 5. Bd3 Nf6 6. O-O a6 7. Nbd2 Bc6 8. Ne5
Bd6 9. f4 Nfd7 10. Qg4 O-O 11. Rf3 f5 12. Qh3 Rf6 13. Rg3 Kh8 14. Rg5 Bxe5 15.
fxe5 Rf8 16. Rh5 h6 17. Nf3 Qe8 18. e4 f4 19. Bxf4 dxe4 20. Bxh6 gxh6 21. Rxh6+
Kg7 22. Rh7+ 1-0

[Event "SV Motor Eberswalde-SV Ahlen 54"]
[Site "?"]
[Date "2009.12.27"]
[Round "2.2"]
[White "Tesch, Davy"]
[Black "Klötzel, Eric"]
[Result "1-0"]
[WhiteElo "1303"]
[BlackElo "1190"]
[PlyCount "105"]
[EventDate "2009.??.??"]
[WhiteTeam "SV Motor Eberswalde"]
[BlackTeam "SV Ahlen 54"]

1. d4 d6 2. Nf3 Nf6 3. e3 g6 4. Bd3 Bg7 5. O-O c6 6. Nbd2 b5 7. e4 O-O 8. c3 a5
9. e5 Ne8 10. exd6 Nxd6 11. Ne4 f5 12. Nc5 Na6 13. Nxa6 Bxa6 14. Re1 Re8 15.
Qe2 Qb6 16. Ne5 Bc8 17. Bf4 Nf7 18. Nxf7 Kxf7 19. Be5 c5 20. dxc5 Qxc5 21. Bxg7
Kxg7 22. Bxb5 Rf8 23. Qxe7+ Qxe7 24. Rxe7+ Kh6 25. Bc4 Rb8 26. b3 Rd8 27. Rae1
Bd7 28. h3 Ra8 29. Rd1 Bc6 30. Rxd8 Rxd8 31. Re5 a4 32. Bb5 axb3 33. axb3 Rd5
34. Rxd5 Bxd5 35. c4 Ba8 36. c5 Kg7 37. c6 Kf6 38. c7 Bb7 39. Bd7 Ke5 40. c8=Q
Bxc8 41. Bxc8 Kd4 42. Kh2 h5 43. Be6 Ke5 44. Bc4 Kd4 45. Kg3 g5 46. f4 g4 47.
hxg4 hxg4 48. Be6 Kc3 49. Bxf5 Kxb3 50. Bxg4 Kc4 51. f5 Kd5 52. Kf4 Kd6 53. f6
1-0

[Event "SV Motor Eberswalde-SV Ahlen 54"]
[Site "?"]
[Date "2009.12.27"]
[Round "2.3"]
[White "Wefers, Simon"]
[Black "Mätzkow, Maximilian Paul"]
[Result "0-1"]
[WhiteElo "1015"]
[BlackElo "1366"]
[PlyCount "70"]
[EventDate "2009.??.??"]
[WhiteTeam "SV Ahlen 54"]
[BlackTeam "SV Motor Eberswalde"]

1. e4 c5 2. Nc3 d6 3. Nf3 Nf6 4. Bc4 g6 5. d3 Bg7 6. Be3 O-O 7. Qd2 Nc6 8. O-O
Bg4 9. Nh4 Bd7 10. Bb5 a6 11. Bxc6 Bxc6 12. h3 b5 13. a3 a5 14. f4 b4 15. Ne2
e6 16. g3 Nd7 17. Ra2 d5 18. e5 d4 19. Bf2 Qc7 20. Ng2 Bb7 21. Kh2 Nb6 22. a4
Qc6 23. c3 dxc3 24. bxc3 Rfd8 25. Rfa1 b3 26. Ra3 Nc4 27. Qc1 b2 28. Qc2 bxa1=Q
29. Rxa1 Nb6 30. g4 Ba6 31. c4 Bb7 32. Ng3 Qc7 33. Ra3 Bc6 34. Bxc5 Bxa4 35.
Qd2 Nxc4 0-1

[Event "SV Motor Eberswalde-SV Ahlen 54"]
[Site "?"]
[Date "2009.12.27"]
[Round "2.4"]
[White "Windschügl, Martin"]
[Black "Volesky, Anna-Katharina"]
[Result "0-1"]
[WhiteElo "1140"]
[BlackElo "1026"]
[PlyCount "38"]
[EventDate "2009.??.??"]
[WhiteTeam "SV Motor Eberswalde"]
[BlackTeam "SV Ahlen 54"]

1. e4 e6 2. d4 d5 3. exd5 exd5 4. Nf3 Bd6 5. Nc3 Ne7 6. Bd3 Bg4 7. Be2 Nbc6 8.
O-O Qd7 9. Ne1 h5 10. Bxg4 hxg4 11. Be3 Bxh2+ 12. Kh1 O-O-O 13. f3 Bg3+ 14. Kg1
Rh7 15. Bf2 Qd6 16. Bxg3 Qxg3 17. Rf2 Nf5 18. Rd2 Rdh8 19. Kf1 Ne3+ 0-1

[Event "SF Katernberg-SG Turm Raesfeld"]
[Site "?"]
[Date "2009.12.27"]
[Round "2.1"]
[White "Suer, Maximilian"]
[Black "Imcke, Patrick"]
[Result "0-1"]
[WhiteElo "1153"]
[BlackElo "1745"]
[PlyCount "154"]
[EventDate "2009.??.??"]
[WhiteTeam "SG Turm Raesfeld"]
[BlackTeam "SF Katernberg"]

1. e4 e6 2. d4 d5 3. e5 c5 4. Nf3 cxd4 5. Nxd4 Nc6 6. Bb5 Bd7 7. c3 Nxe5 8.
Bxd7+ Qxd7 9. O-O Nf6 10. Qe2 Nc6 11. Rd1 Be7 12. Bg5 Nxd4 13. Rxd4 Ne4 14.
Bxe7 Qxe7 15. c4 Qc5 16. Qe3 Rc8 17. f3 Nf6 18. Nd2 O-O 19. Nb3 Qb6 20. c5 Qc7
21. Rf1 b6 22. Rc1 Nd7 23. c6 Ne5 24. Qg5 Nxc6 25. Rg4 g6 26. Qh6 Qe5 27. Rh4
Qg7 28. Qd2 Ne7 29. Re1 Nf5 30. Rg4 Rc4 31. Rxc4 dxc4 32. Nc1 Qd4+ 33. Qxd4
Nxd4 34. Re4 Rd8 35. Kf2 b5 36. Re5 Rd5 37. Re3 Kf8 38. Ra3 Rd7 39. Ne2 Nxe2
40. Kxe2 Ke7 41. Ra5 Rb7 42. Kd2 e5 43. Ke3 Kd6 44. Kd2 b4 45. Kc2 f5 46. Kd2
Rc7 47. Rb5 Rd7 48. Ke3 c3 49. Rxb4 Rc7 50. bxc3 Rxc3+ 51. Kd2 Ra3 52. Rb2 Kc5
53. Kc2 e4 54. fxe4 fxe4 55. Kd2 a5 56. Kd1 Kd4 57. Kd2 Rd3+ 58. Ke1 Ra3 59.
Kd2 Rd3+ 60. Ke1 Ra3 61. Kd2 {
Dreifache Stellungswiederholung, die nicht reklamiert wurde.} h6 62. Ke2 Re3+
63. Kd1 Ra3 64. Kd2 e3+ 65. Ke1 Kd3 66. Kd1 Rc3 67. h3 e2+ 68. Rxe2 Rc1+ 69.
Kxc1 Kxe2 70. Kc2 Kf2 71. Kb3 Kxg2 72. Ka4 Kxh3 73. Kxa5 g5 74. Kb5 g4 75. a4
g3 76. a5 g2 77. a6 g1=Q 0-1

[Event "SF Katernberg-SG Turm Raesfeld"]
[Site "?"]
[Date "2009.12.27"]
[Round "2.2"]
[White "Dette, Tim"]
[Black "Ridder, David"]
[Result "1-0"]
[WhiteElo "1260"]
[BlackElo "1251"]
[PlyCount "83"]
[EventDate "2009.??.??"]
[WhiteTeam "SF Katernberg"]
[BlackTeam "SG Turm Raesfeld"]

1. e4 e5 2. d4 d6 3. Nf3 Bg4 4. dxe5 Bxf3 5. Qxf3 dxe5 6. Bc4 Nf6 7. O-O Nc6 8.
Bb5 Bd6 9. Bg5 Qd7 10. Bxf6 gxf6 11. Qxf6 Rg8 12. Nc3 a6 13. Bc4 Nd8 14. Nd5
Qg4 15. g3 Qxe4 16. Qxd6 cxd6 17. Nf6+ Ke7 18. Nxe4 Nc6 19. Rad1 Nd4 20. c3 Nf5
21. Rfe1 Rg6 22. f4 Rag8 23. Ng5 R8g7 24. Bxf7 Rxf7 25. Nxf7 Kxf7 26. fxe5 dxe5
27. Rxe5 Kf6 28. Re2 Kg7 29. Rf1 Rg5 30. Re4 Kg6 31. Ref4 h5 32. Kh1 h4 33.
gxh4 Rh5 34. Rg1+ Kh6 35. Rg5 Rxg5 36. hxg5+ Kxg5 37. Rb4 Nd6 38. Kg2 b5 39. a4
a5 40. Rxb5+ Kf6 41. Rxa5 Nc4 42. Ra6+ 1-0